| 000 | 01171pam a2200385 ia4500 | ||
|---|---|---|---|
| 001 | vtls000886026 | ||
| 003 | PNM | ||
| 005 | 20201215112311.0 | ||
| 008 | 190919t20202020my ao j 000 0 may | ||
| 015 | _aM20-02182 | ||
| 020 |
_a9789672157304 _qset |
||
| 020 |
_a9789672157342 _cRM38.16 _qpaperback |
||
| 039 | 9 |
_a202005272153 _bsham _c202003090850 _dmaulidiah _c202002180845 _dain _c201909242133 _dzuraidah_s |
|
| 040 |
_aBNM _beng _cBNM _erda _dPPAK |
||
| 049 | _amal | ||
| 082 | 0 | 4 |
_a796 _223 |
| 090 | 0 | 0 |
_a796 _bMOH _dK |
| 100 | 0 |
_aMohd. Firdaus, _eauthor. |
|
| 245 | 1 | 0 |
_aSains Sukan Di Malaysia / _cMohd Firdaus |
| 264 | 1 |
_aSeri Kembangan, Selangor : _bPustaka Kelisa, _c[2020] |
|
| 264 | 4 | _c©2020 | |
| 300 |
_a48 pages : _bcolour photographs ; _c30 cm. |
||
| 336 |
_atext _2rdacontent |
||
| 337 |
_aunmediated _2rdamedia |
||
| 338 |
_avolume _2rdacarrier |
||
| 490 | 1 | _aAplikasi Sains Menuju Sukan Olimpik | |
| 500 | _aIncludes questions and exercises | ||
| 650 | 1 | 0 | _aSports sciences |
| 650 | 2 | 0 | _aSports |
| 830 | 0 | _aAplikasi sains menuju sukan olimpik | |
| 942 |
_2ddc _cB |
||
| 949 | _62000681534 | ||
| 949 | _62000681535 | ||
| 949 | _62000681533 | ||
| 999 |
_c180592 _d180592 |
||